All Best Animated Film Oscar Nominees - Statistics

General Stats
  • This quiz has been taken 252 times
    98 since last reset
  • The average score is 52 of 109
Answer Stats
Hint Answer % Correct
2001 Shrek
91%
2010 Toy Story 3
89%
2019 Toy Story 4
89%
2006 Cars
87%
2013 Frozen
87%
2004 Shrek 2
87%
2018 Incredibles 2
84%
2007 Ratatouille
84%
2004 The Incredibles
84%
2001 Monsters, Inc.
82%
2020 Soul
82%
2003 Finding Nemo
80%
2015 Inside Out
80%
2009 Up
80%
2008 WALL-E
80%
2002 Spirit: Stallion of the Cimarron
78%
2021 Luca
76%
2002 Spirited Away
76%
2016 Zootopia
76%
2017 Coco
73%
2023 Spider-Man: Across the Spider-Verse
73%
2012 Brave
71%
2022 Turning Red
71%
2010 How to Train Your Dragon
69%
2016 Moana
69%
2012 Wreck-It Ralph
69%
2008 Kung Fu Panda
67%
2011 Kung Fu Panda 2
67%
2018 Spider-Man: Into the Spider-Verse
67%
2024 Flow
64%
2025 KPop Demon Hunters
64%
2023 The Boy and the Heron
64%
2013 Despicable Me 2
62%
2009 The Princess and the Frog
62%
2005 Wallace & Gromit: The Curse of the Were-Rabbit
62%
2014 Big Hero 6
60%
2025 Elio
60%
2021 Encanto
60%
2009 Coraline
58%
2018 Ralph Breaks the Internet
58%
2014 How to Train Your Dragon 2
56%
2019 How to Train Your Dragon: The Hidden World
56%
2020 Onward
56%
2006 Happy Feet
53%
2024 Inside Out 2
53%
2011 Puss in Boots
53%
2022 Puss in Boots: The Last Wish
53%
2011 Rango
53%
2021 Raya and the Last Dragon
53%
2022 Guillermo del Toro's Pinocchio
51%
2005 Howl's Moving Castle
51%
2002 Ice Age
51%
2024 The Wild Robot
51%
2001 Jimmy Neutron: Boy Genius
49%
2017 The Boss Baby
49%
2025 Zootopia 2
49%
2008 Bolt
44%
2009 Fantastic Mr. Fox
44%
2012 ParaNorman
44%
2023 Elemental
42%
2002 Lilo & Stitch
42%
2005 Corpse Bride
40%
2004 Shark Tale
40%
2012 Frankenweenie
38%
2013 The Croods
38%
2002 Treasure Planet
38%
2006 Monster House
36%
2017 Ferdinand
33%
2018 Isle of Dogs
33%
2007 Persepolis
33%
2014 The Boxtrolls
33%
2009 The Secret of Kells
33%
2013 The Wind Rises
33%
2003 Brother Bear
31%
2020 A Shaun the Sheep Movie: Farmageddon
29%
2019 Klaus
29%
2016 Kubo and the Two Strings
29%
2021 The Mitchells vs. the Machines
29%
2021 Flee
27%
2019 Missing Link
27%
2015 Shaun the Sheep Movie
27%
2011 A Cat in Paris
24%
2025 Arco
24%
2017 Loving Vincent
24%
2014 Song of the Sea
24%
2022 Marcel the Shell with Shoes On
22%
2007 Surf's Up
22%
2010 The Illusionist
22%
2016 The Red Turtle
22%
2003 The Triplets of Belleville
22%
2024 Wallace & Gromit: Vengeance Most Fowl
22%
2019 I Lost My Body
20%
2016 My Life as a Zucchini
20%
2017 The Breadwinner
20%
2022 The Sea Beast
20%
2015 When Marnie Was There
20%
2025 Little Amélie or the Character of Rain
18%
2012 The Pirates! In an Adventure with Scientists!
18%
2020 Wolfwalkers
18%
2011 Chico and Rita
16%
2024 Memoir of a Snail
16%
2020 Over the Moon
16%
2014 The Tale of the Princess Kaguya
16%
2015 Boy and the World
13%
2013 Ernest & Celestine
13%
2018 Mirai
13%
2023 Robot Dreams
11%
2015 Anomolisa
7%
2023 Nimona
7%
No matching quizzes found
Score Distribution
Percent of People with Each Score
Percentile by Number Answered
Your Score History
You have not taken this quiz since the last reset